000 00474nam a2200181Ia 4500
001 15937
005 20260306170232.0
008 260306t2010||||xx |||||||||||||| ||und||
041 _aESP
082 _a620.82
_bP11
100 _aPablo Hernández, Carmela de
_eAUT
245 0 _aManual de ergonomía:
_bincrementar la calidad de vida en el trabajo
260 _c2010
300 _a468 páginas :
_c23 cm.
650 _aGEN
654 _aCII
942 _cLIB
_dJUS
_fJUS
_2ddc
_n
999 _c15937
_d15937